| 000 | 00401nam a2200145Ia 4500 | ||
|---|---|---|---|
| 008 | 220216s9999 xx 000 0 und d | ||
| 100 | _aKrigbaum W R | ||
| 245 | 0 | _aSurvey of the theory of rubberlike elasticity (1965 reviews) | |
| 260 |
_bRubber Chemistry and Technology _c1965 |
||
| 300 | _a1039-1069 | ||
| 650 | _a1965 reviews | ||
| 650 | _aElasticity | ||
| 700 |
_aRoe _BRyong-Joon |
||
| 942 | _cJS | ||
| 999 |
_c70042 _d70042 |
||